00713nam a2200217Ia 4500003000900000008004100009040001300050040001300063041000800076100002000084245008400104250001100188260003400199260000900233300001100242300001000253490000600263942000700269999001700276952020200293IT-RoPAU120407s9999 xx 000 0 und d aIT-RoPAU cIT-RoPAU aita aEnnio Innocenti aLa Santa Sede nella ecclesiologia del concilio Ecumenico Vaticano II. 2a ed. aRovigo aIstituto Padano Arti Grafiche c1977 a317 p. c21 cm v1 cBK c32376d32376 00102ddc406262_100000000000000_871aPAULUSbPAULUSd2012-04-11l0o262.1.8r2012-04-11 00:00:00w2012-04-11yBKzInserito da: LUCIA In data: 02 settembre 2011 fondo: Via A.Severo 56 Progr:21621